| 000 | 01005nam a2200229 i 4500 | ||
|---|---|---|---|
| 001 | 81883 | ||
| 003 | ES-MaACL | ||
| 005 | 20230906174530.0 | ||
| 007 | t| | ||
| 008 | 041108s1967 sp |||| |dspa d | ||
| 080 | _a34(460)"12"(094.4) | ||
| 100 | 1 |
_aIglesias Corral, Manuel. _9158835 |
|
| 245 | 1 | 4 |
_aLos grandes jurisconsultos gallegos _b: Bernardo el Compostelano, el Joven : (la problemática gallega en el Código de las Siete Partidas) : discurso / _cleído el 10 de agosto de 1967 en la solemne sesión de apertura, por su presidente... Manuel Iglesias Corral, y contestación... Luis Legaz Lacambra. |
| 260 |
_aLa Coruña : _bAcademia Gallega de Jurisprudencia y Legislación, _c1967. |
||
| 300 |
_a78 p. ; _c27 cm. |
||
| 600 | 1 | 4 |
_aBernardo el Compostelano _cEl Joven. _9158836 |
| 630 | 0 | 4 |
_aSiete partidas. _9135414 |
| 700 | 1 |
_aLegaz Lacambra, Luis. _971264 |
|
| 710 | 2 |
_aAcademia Gallega de Jurisprudencia y Legislación. _91197 |
|
| 852 | 4 |
_aES-MaACL _jC-32950 |
|
| 852 | 4 |
_aES-MaACL _jL-7570 |
|
| 999 |
_c81883 _d81883 |
||